000 00660nam a22002057a 4500
003 OSt
005 20251106005912.0
008 251106b |||||||| |||| 00| 0 eng d
020 _a978-621-427-092-7
040 _aDWCL-Main lib
_cOC
082 _aFil. 339 M314m 2021
100 _aMarcelo, Danilo F.
245 _aMacro economics/
_cDanilo F. Marcelo
260 _aManila, Philippines :
_bUnlimited books library services & publishing,
_cc2021
300 _aviii, 421 pages :
_billustrations ;
_c25cm.
504 _aIncludes bibliographical references
650 _a1. Economics
650 _a2. Macroeconomics
942 _2ddc
_cBK - FIL
_kFil.
_n0
999 _c5516
_d5516